00575nam a2200181Ii 45000010005000000030009000050080041000140400033000550410008000880820021000961000021001172450111001382640051002493000012003003360026003123370028003383380027003662512CO-ViMGA241108s9999||||xx |||||||||||||| ||und|| aCO-ViMGAbspaerdacCO-ViMGA0 aspa04aFA 001.94 - G66g1 aRoland Gööck10aGrandes enigmas de nuestro mundo:bUna amplia ojeada más allá de las fronteras del conocimiento humano 1aMadrid, España : Círculo de Lectores, 1971 avolumen atextbtxt2rdacontent aunmediatedbn2rdamedia avolumebnc2rdacarrier